<?xml version="1.0" encoding="UTF-8"?>
<record
    xmlns:xsi="http://www.w3.org/2001/XMLSchema-instance"
    xsi:schemaLocation="http://www.loc.gov/MARC21/slim http://www.loc.gov/standards/marcxml/schema/MARC21slim.xsd"
    xmlns="http://www.loc.gov/MARC21/slim">

  <leader>00639nam a22001337a 4500</leader>
  <datafield tag="040" ind1=" " ind2=" ">
    <subfield code="c">rua</subfield>
  </datafield>
  <datafield tag="082" ind1=" " ind2=" ">
    <subfield code="a">AGR SOM 2021 B1-598 Or.</subfield>
  </datafield>
  <datafield tag="100" ind1=" " ind2=" ">
    <subfield code="a">SOM NEANG,&#x179F;&#x17C6; &#x1793;&#x17B6;&#x1784;</subfield>
  </datafield>
  <datafield tag="245" ind1=" " ind2=" ">
    <subfield code="a">SEASONAL GROWTH  AND YIELD OF TOMATO UNDER FARMER'S FIELD CONDITION,&#x1780;&#x17B6;&#x179A;&#x179B;&#x17BC;&#x178F;&#x179B;&#x17B6;&#x179F;&#x17CB; &#x1793;&#x17B7;&#x1784;&#x1791;&#x17B7;&#x1793;&#x17D2;&#x1793;&#x1795;&#x179B;&#x178A;&#x17C6;&#x178E;&#x17B6;&#x17C6;&#x1794;&#x17C9;&#x17C1;&#x1784;&#x1794;&#x17C9;&#x17C4;&#x17C7;&#x1791;&#x17C5;&#x178F;&#x17B6;&#x1798;&#x179A;&#x178A;&#x17BC;&#x179C;&#x1780;&#x17B6;&#x179B;&#x1780;&#x17D2;&#x1793;&#x17BB;&#x1784;&#x179B;&#x1780;&#x17D2;&#x1781;&#x1781;&#x178E;&#x17D2;&#x178C;&#x179F;&#x17D2;&#x179A;&#x17C2;&#x1780;&#x179F;&#x17B7;&#x1780;&#x179A;.</subfield>
  </datafield>
  <datafield tag="260" ind1=" " ind2=" ">
    <subfield code="a">phnom penh</subfield>
    <subfield code="b">rua</subfield>
    <subfield code="c">2021</subfield>
  </datafield>
  <datafield tag="300" ind1=" " ind2=" ">
    <subfield code="a">x.30p.</subfield>
    <subfield code="b">ill.</subfield>
    <subfield code="c">29cm.</subfield>
  </datafield>
  <datafield tag="856" ind1=" " ind2=" ">
    <subfield code="u">https://drive.google.com/file/d/1fKrr5lCvzK1CgQiDPSS_1yScAJhGf9IU/view?usp=sharing</subfield>
  </datafield>
  <datafield tag="942" ind1=" " ind2=" ">
    <subfield code="c">AGR</subfield>
  </datafield>
  <datafield tag="999" ind1=" " ind2=" ">
    <subfield code="c">21582</subfield>
    <subfield code="d">21582</subfield>
  </datafield>
  <datafield tag="952" ind1=" " ind2=" ">
    <subfield code="0">0</subfield>
    <subfield code="1">0</subfield>
    <subfield code="4">0</subfield>
    <subfield code="6">AGR_SOM_2021_000000000000000_B1598_OR</subfield>
    <subfield code="7">0</subfield>
    <subfield code="9">93582</subfield>
    <subfield code="a">LBB</subfield>
    <subfield code="b">LBB</subfield>
    <subfield code="c">B1.598</subfield>
    <subfield code="d">2023-08-04</subfield>
    <subfield code="o">AGR SOM 2021 B1-598 Or.</subfield>
    <subfield code="p">A074702</subfield>
    <subfield code="r">2023-08-04</subfield>
    <subfield code="y">AGR</subfield>
  </datafield>
  <datafield tag="952" ind1=" " ind2=" ">
    <subfield code="0">0</subfield>
    <subfield code="1">0</subfield>
    <subfield code="4">0</subfield>
    <subfield code="6">AGR_SOM_2021_000000000000000_B1598_OR</subfield>
    <subfield code="7">0</subfield>
    <subfield code="9">93583</subfield>
    <subfield code="a">LBB</subfield>
    <subfield code="b">LBB</subfield>
    <subfield code="c">B1.598</subfield>
    <subfield code="d">2023-08-04</subfield>
    <subfield code="o">AGR SOM 2021 B1-598 Or.</subfield>
    <subfield code="p">A074311</subfield>
    <subfield code="r">2023-08-04</subfield>
    <subfield code="y">AGR</subfield>
  </datafield>
  <datafield tag="952" ind1=" " ind2=" ">
    <subfield code="0">0</subfield>
    <subfield code="1">0</subfield>
    <subfield code="4">0</subfield>
    <subfield code="6">AGR_SOM_2021_000000000000000_B1598_OR</subfield>
    <subfield code="7">0</subfield>
    <subfield code="9">93585</subfield>
    <subfield code="a">LBB</subfield>
    <subfield code="b">LBB</subfield>
    <subfield code="c">B1.598</subfield>
    <subfield code="d">2023-08-04</subfield>
    <subfield code="o">AGR SOM 2021 B1-598 Or.</subfield>
    <subfield code="p">A074278</subfield>
    <subfield code="r">2023-08-04</subfield>
    <subfield code="y">AGR</subfield>
  </datafield>
  <datafield tag="952" ind1=" " ind2=" ">
    <subfield code="0">0</subfield>
    <subfield code="1">0</subfield>
    <subfield code="4">0</subfield>
    <subfield code="6">AGR_SOM_2021_000000000000000_B1598_OR</subfield>
    <subfield code="7">0</subfield>
    <subfield code="9">93586</subfield>
    <subfield code="a">LBB</subfield>
    <subfield code="b">LBB</subfield>
    <subfield code="c">B1.598</subfield>
    <subfield code="d">2023-08-04</subfield>
    <subfield code="o">AGR SOM 2021 B1-598 Or.</subfield>
    <subfield code="p">A074274</subfield>
    <subfield code="r">2023-08-04</subfield>
    <subfield code="y">AGR</subfield>
  </datafield>
  <datafield tag="952" ind1=" " ind2=" ">
    <subfield code="0">0</subfield>
    <subfield code="1">0</subfield>
    <subfield code="4">0</subfield>
    <subfield code="6">AGR_SOM_2021_000000000000000_B1598_OR</subfield>
    <subfield code="7">0</subfield>
    <subfield code="9">93587</subfield>
    <subfield code="a">LBB</subfield>
    <subfield code="b">LBB</subfield>
    <subfield code="c">B1.598</subfield>
    <subfield code="d">2023-08-04</subfield>
    <subfield code="o">AGR SOM 2021 B1-598 Or.</subfield>
    <subfield code="p">A074511</subfield>
    <subfield code="r">2023-08-04</subfield>
    <subfield code="y">AGR</subfield>
  </datafield>
</record>
